Les films de Sadie Sink - Statistiques

Statistiques générales
  • Ce quiz a été pris 34 fois
  • Le résultat moyen est 4 sur 10
Statistiques - réponses
Par images Réponse % Correct
Stranger Things
78%
Eli
59%
Dear Zoe
41%
The Whale
41%
O'Dessa
37%
Fear Street : 1978
26%
All Too Well
22%
Fear Street : 1666
22%
A Sacrifice
15%
The Glass Castle
15%
Aucun quiz correspondant
Distribution des résultats
% des personnes avec chaque résultat
Percentile par nombre de réponses
Votre historique - résultats
Vous n’avez pas pris ce quiz